| 000 | 00534nam a2200205Ia 4500 | ||
|---|---|---|---|
| 005 | 20251020182610.0 | ||
| 008 | 200515s9999 xx 000 0 und d | ||
| 082 | _aSC/622.337/A49/1994 | ||
| 110 | _aAmerican Society for Testing and Materials | ||
| 245 | 0 | _aConstruction : Roofing, Waterproofing, and Bituminous Materials | |
| 260 | _aPhiladelphia | ||
| 260 | _c1994 | ||
| 300 | _a392 | ||
| 650 | _aADITIVOS | ||
| 650 | _aASTM | ||
| 650 | _aCUBIERTAS | ||
| 650 | _aMATERIALES BITUMINOSOS | ||
| 650 | _aNORMAS | ||
| 942 | _cLIB | ||
| 999 |
_c3302 _d3302 |
||